000 00324pam a2200145a 44500
008 230405s xxu||||| |||| 00| 0 eng d
041 _aENG
100 _aKARDALE ASHA
245 _aMOTHER TERESA
250 _a3 1997
260 _aPUNE
_bRAJHUNS PUB PUNE
_c
300 _a108
650 _aOFFICIAL & GENERAL
906 _a667
999 _c266106
_d266106